LIBRARY & INFORMATION CENTRE, KCAET, TAVANUR

ONLINE PUBLIC ACCESS CATALOGUE (OPAC)

Practical Guide for Ground Water Sampling / (Record no. 8843)

MARC details
000 -LEADER
fixed length control field 00396cam a2200145ua 4500
082 ## - DEWEY DECIMAL CLASSIFICATION NUMBER
Classification number 551.49
Item number BAR/PR
100 ## - MAIN ENTRY--AUTHOR NAME
Personal name Barcelona, M.J .
100 ## - MAIN ENTRY--AUTHOR NAME
Personal name Garske, E.E .
100 ## - MAIN ENTRY--AUTHOR NAME
Personal name Gibb, J.P
100 ## - MAIN ENTRY--AUTHOR NAME
Personal name Helfrich, J.A
245 ## - TITLE STATEMENT
Title Practical Guide for Ground Water Sampling /
260 ## - PUBLICATION, DISTRIBUTION, ETC. (IMPRINT)
Place of publication Jodhpur :
Name of publisher Scientific Publishers ,
Year of publication 1988.
300 ## - PHYSICAL DESCRIPTION
Number of Pages 156 ; .
942 ## - ADDED ENTRY ELEMENTS (KOHA)
Koha item type Reference
Holdings
Withdrawn status Lost status Damaged status Home library Current library Date acquired Full call number Accession Number Koha item type Collection code Shelving location
      KAUAET KAUAET 07/04/2012 028.75553 BAR/PR 16884 Reference    
      KAUAET KAUAET 07/04/2012 551.49.BAR/PR 16969 Reference Reference Reference
      KAUAET KAUAET 07/04/2012 551.49.BAR/PR 16970 Reference Reference Reference
free website counter